00724nam a2200181 i 4500001000700000003000900007005001700016007000300033008004100036100004100077245012700118260005400245300003000299700005500329852002000384999001900404952011900423147149ES-MaACL20251015164505.0t|070921s1932 sp ||||1| spa d1 aTurmeda, Anselm, d1352-1432911171710aDisputa del asno / cAnselmo Turmeda (año de 1417) ; traducción del catalán y prólogo de E. Barriobero y Herrán. aMadrid : bC.I.A.P., c1932 (fImp. de Galo Saez) a193 p. : bil. ; c18 cm.1 aBarriobero y Herrán, Eduardo, d1875-1939926012 aES-MaACLjA-983 c147149d147149 00104070aATENEOMbATENEOMcSPP1d2008-01-17eSCl0oA-983p1153562r2023-02-23 00:00:00w2023-02-23yMONOGRAFIA